000 00200nam a2200085Ia 4500
008 120527s9999 xx 000 0 und d
100 _aBlankmeyer & Moga
245 _aContemporary Economics
942 _cBK
999 _c27116
_d27116